| 000 | 01060nam a2200301Ia 4500 | ||
|---|---|---|---|
| 001 | Para_5737 | ||
| 003 | CHAP | ||
| 008 | 220125s1985 xx 000 0 und d | ||
| 010 | _a204167 | ||
| 040 | _cCHAP | ||
| 090 | _aPA TESIS 71 | ||
| 100 |
_aColunga García, Manuel _925490 |
||
| 245 |
_aSobrevivencia y factores de mortalidad de Epilachna varivestis Mulsant (Coleoptera : _b Coccinellidae) en frijol bajo condiciones naturales / _c por Manuel Colunga García |
||
| 260 |
_aChapingo, Méx. : _b el autor |
||
| 300 | _a50 h. | ||
| 502 | _aTesis (Ing. Agr. Esp. en Parasitología Agrícola) -- UACh. Departamento Parasitología Agrícola | ||
| 650 |
_aEpilachna varisvestis _9164743 |
||
| 650 |
_aFrijol _x plagas _943415 |
||
| 650 |
_aFrijol _x variedades resistentes a plagas _943450 |
||
| 710 |
_aUACh. Departamento Parasitología Agrícola _9164025 |
||
| 901 | _aPA TESIS 71 | ||
| 902 | _aA | ||
| 905 | _a0000001985 ai 0000000000 00 | ||
| 910 | _a1985 | ||
| 942 | _cPARA | ||
| 942 |
_cPARA _d1 |
||
| 999 |
_c204167 _d204167 |
||